HUMAN ANATOMY: BRAIN- NEUROANATOMY VOLUME-IV (Record no. 20997)
[ view plain ]
| 000 -LEADER | |
|---|---|
| fixed length control field | 00360nam a22001577a 4500 |
| 003 - CONTROL NUMBER IDENTIFIER | |
| control field | SGT |
| 020 ## - INTERNATIONAL STANDARD BOOK NUMBER | |
| International Standard Book Number | 9789388902755 |
| 082 ## - DEWEY DECIMAL CLASSIFICATION NUMBER | |
| Classification number | 611 |
| Item number | H21C |
| 100 ## - MAIN ENTRY--PERSONAL NAME | |
| Personal name | CHAURASIA, BD. |
| 245 ## - TITLE STATEMENT | |
| Title | HUMAN ANATOMY: BRAIN- NEUROANATOMY VOLUME-IV |
| 250 ## - EDITION STATEMENT | |
| Edition statement | 8TH |
| 260 ## - PUBLICATION, DISTRIBUTION, ETC. (IMPRINT) | |
| Place of publication, distribution, etc | INDIA |
| Name of publisher, distributor, etc | CBS DELHI |
| Year of Publication | 2021 |
| 300 ## - PAGE DESCRIPTION | |
| No. of Pages | 226 |
| 650 ## - SUBJECT ADDED ENTRY--TOPICAL TERM | |
| Topical term or geographic name as entry element | HUMAN ANATOMY |
| 942 ## - ADDED ENTRY ELEMENTS (KOHA) | |
| Source of classification or shelving scheme | Dewey Decimal Classification |
| Koha item type | Books |
| 942 ## - ADDED ENTRY ELEMENTS (KOHA) | |
| -- | 27 |
| Withdrawn status | Lost status | Source of classification or shelving scheme | Damaged status | Not for loan | Collection code | Home library | Current library | Shelving location | Date acquired | Vendor Name | Cost, normal purchase price | Volume Information (Serial or Books or Non-Book Material) | SGTU | Bill Number | Total Checkouts | Full call number | Accession No. (Barcode) | Date last seen | Date last borrowed | Bill Date | Koha item type | Total Renewals |
|---|---|---|---|---|---|---|---|---|---|---|---|---|---|---|---|---|---|---|---|---|---|---|
| Dewey Decimal Classification | MEDICAL | SGT Medical Library | SGT Medical Library | Text Book | 30/03/2021 | ABC DELHI | 0.00 | VOLUME-IV | SGTU | 12725 | 21 | 611 H21C | FM12393 | 20/05/2025 | 07/05/2025 | 19/02/2021 | Books | |||||
| Dewey Decimal Classification | MEDICAL | SGT Medical Library | SGT Medical Library | Text Book | 30/03/2021 | ABC DELHI | 0.00 | VOLUME-IV | SGTU | 12725 | 13 | 611 H21C | FM12394 | 25/11/2025 | 13/11/2025 | 19/02/2021 | Books | 1 | ||||
| Dewey Decimal Classification | MEDICAL | SGT Medical Library | SGT Medical Library | Text Book | 30/03/2021 | ABC DELHI | 0.00 | VOLUME-IV | SGTU | 12725 | 4 | 611 H21C | FM12395 | 28/04/2025 | 03/04/2025 | 19/02/2021 | Books |